Interpreting the money supply : human and institutional factors /

Bibliographic Details
Main Author: Graziano, Loretta
Format: Book
Language:English
Published: New York : Quorum Books, 1987.
Subjects:

MARC

Tag First Indicator Second Indicator Subfields
LEADER 00000cam a2200000 a 4500
001 in00000010803
005 20151007051925.0
008 870224s1987 nyu b 00110 eng
010 |a  87002539  
020 |a 0899301517 (lib. bdg. : alk. paper) 
035 |a (OCoLC)15317712 
035 |9 AAA5464AM 
040 |a DLC  |c DLC  |d TXA  |d UtOrBLW 
049 |a TXAM  |c [A11462181] 
050 0 0 |a HG226.3  |b .G72 1987 
082 0 |a 332.4/14  |2 19 
100 1 |a Graziano, Loretta. 
245 1 0 |a Interpreting the money supply :  |b human and institutional factors /  |c Loretta Graziano. 
264 1 |a New York :  |b Quorum Books,  |c 1987. 
300 |a xiii, 245 pages ;  |c 25 cm. 
336 |a text  |b txt  |2 rdacontent 
337 |a unmediated  |b n  |2 rdamedia 
338 |a volume  |b nc  |2 rdacarrier 
504 |a Bibliography: pages [235]-241. 
500 |a Includes index. 
650 0 |a Money supply. 
999 |a MARS 
999 f f |s 0e9d7bfe-c3a7-3d01-89dd-2d99445dc2bd  |i 190c3012-d979-38cb-887a-aa29fd15e020  |t 0 
952 f f |p ric  |a Texas A&M University  |b Rellis Campus  |c Joint Library Facility  |d Remote Storage  |t 0  |e HG226.3 .G72 1987  |h Library of Congress classification  |i unmediated -- volume  |m A14811462181 
998 f f |a HG226.3 .G72 1987  |t 0  |l Remote Storage